La identidad de hispanoamerica: ensayo sobre literatura colonial
Uloženo v:
| Hlavní autor: | |
|---|---|
| Médium: | Kniha |
| Jazyk: | španělština |
| Vydáno: |
Guadalajara
Universidad de Guadalajara
1987
|
| Témata: | |
| Tagy: |
Přidat tag
Žádné tagy, Buďte první, kdo vytvoří štítek k tomuto záznamu!
|
MARC
| LEADER | 00000nam a2200000 a 4500 | ||
|---|---|---|---|
| 001 | UCX0960 | ||
| 003 | CL-VaPUC | ||
| 008 | 900425e19870000MX |||||||||||||||||spa|d | ||
| 082 | 0 | 4 | |a H860.9 |b PRO |2 21 |
| 100 | |a Promis Ojeda, José |e autor |9 477475 | ||
| 245 | 1 | 3 | |a La identidad de hispanoamerica: ensayo sobre literatura colonial |
| 300 | |a 127 p | ||
| 942 | |c BK | ||
| 945 | |d 19900425 00:00:00 | ||
| 260 | |a Guadalajara |b Universidad de Guadalajara |c 1987 | ||
| 650 | 0 | |a Literatura hispanoamericana |9 269097 | |
| 650 | 7 | |a HISTORIA HASTA 1830 |2 CL-VaPUC |9 316327 | |
| 650 | 0 | |a América en la literatura |9 316328 | |
| 583 | |a last modification |c 19900425 00:00:00 |k Rodrigo Vera | ||
| 999 | |c 222325 |d 222323 | ||
| 952 | |0 0 |1 0 |4 0 |6 H_860_900000000000000_PRO_1987 |7 0 |8 A |9 216847 |a FDOPOS |b FDOPOS |d 2019-11-15 |i 2858258 |o H860.9 PRO 1987 |p 2858258 |r 2025-01-22 |w 2019-11-15 |y BK |k MLH | ||
| 952 | |0 0 |1 0 |4 0 |6 H_860_900000000000000_PRO_1987 |7 0 |8 A |9 216848 |a BIBEDU |b BIBEDU |d 2019-11-15 |i 2858266 |o H860.9 PRO 1987 |p 2858266 |r 2019-11-15 |w 2019-11-15 |y BK |k LIT | ||
| 952 | |0 0 |1 0 |4 0 |6 H_860_900000000000000_PRO_1987 |7 0 |8 A |9 216849 |a FDOPOS |b FDOPOS |d 2019-11-15 |i 2858274 |o H860.9 PRO 1987 |p 2858274 |r 2025-01-22 |w 2019-11-15 |y BK |k MLH | ||
| 952 | |0 0 |1 0 |4 0 |6 H_860_900000000000000_PRO_1987 |7 0 |8 A |9 216850 |a FDOPOS |b FDOPOS |d 2019-11-15 |i 4317394 |o H860.9 PRO 1987 |p 4317394 |r 2025-01-22 |w 2019-11-15 |y BK |k MLH | ||